000 00605 a2200181 4500
020 _a0256102740 (paperback)
020 _a9780256102741 (paperback)
082 0 4 _a808.06665
090 _c4400
_d4400
100 1 _aVawdrey, Colleen.
245 1 0 _aPractical business english /
_cColleen Vawdrey, Ted D. Stoddard, R. Dermont Bell.
260 _a[S.l.] :
_bRichard D Irwin,
_c1992.
300 _a640 p. ;
_c28 cm.
700 1 _aStoddard, Ted D.
700 1 _aBell, R. Dermont.
856 4 0 _3Amazon.com
_uhttp://www.amazon.com/exec/obidos/ASIN/0256102740/chopaconline-20
942 _aNBS
_cBK
_k808.06665 VAW
999 _c346845
_d346845